000 00708nam a2200241Ia 4500
003 OSt
005 20221005073709.0
006 a|||||r|||| 00| 0
007 ta
008 221004b |||||||| |||| 00| 0 eng d
020 _a9788194753704 (pbk)
_cIndian Rupees 0
024 _a69763
037 _bGift, 29/10/2021,
_cTextual
040 _aCRL
_cCRL
_beng
041 _2eng
_aeng
082 _aX62.2, R0
245 0 _aInsolvency and bankruptcy regime in India
_b a narrative
260 _aNew Delhi
_bInsolvency and Bankruptcy Board of India India
_c2020
300 _axx,363p.
_ccm.
650 _aECONOMICS
942 _hX62.2, R0
_cTEXL
_2cc
999 _c981556
_d981556